British system of government (Record no. 118470)
[ view plain ]
| 000 -LEADER | |
|---|---|
| fixed length control field | 00460nam a2200193Ia 4500 |
| 003 - CONTROL NUMBER IDENTIFIER | |
| control field | OSt |
| 005 - DATE AND TIME OF LATEST TRANSACTION | |
| control field | 20220509112245.0 |
| 008 - FIXED-LENGTH DATA ELEMENTS--GENERAL INFORMATION | |
| fixed length control field | 210210b1940 xxu||||| |||| 00| 0 eng d |
| 040 ## - CATALOGING SOURCE | |
| Original cataloging agency | AL |
| Transcribing agency | |
| 041 ## - LANGUAGE CODE | |
| Language code of text/sound track or separate title | eng |
| 082 ## - DEWEY DECIMAL CLASSIFICATION NUMBER | |
| Classification number | 320/491 |
| 100 ## - MAIN ENTRY--PERSONAL NAME | |
| Personal name | ROBSON (W A) |
| 9 (RLIN) | 34937 |
| 245 ## - TITLE STATEMENT | |
| Title | British system of government |
| 260 ## - PUBLICATION, DISTRIBUTION, ETC. | |
| Name of publisher, distributor, etc. | Not Mentioned |
| Date of publication, distribution, etc. | 1940 |
| 650 ## - SUBJECT ADDED ENTRY--TOPICAL TERM | |
| Topical term or geographic name entry element | Political Science |
| 9 (RLIN) | 34941 |
| 690 ## - LOCAL SUBJECT ADDED ENTRY--TOPICAL TERM (OCLC, RLIN) | |
| Topical term or geographic name as entry element | Governments |
| 9 (RLIN) | 34942 |
| 906 ## - LOCAL DATA ELEMENT F, LDF (RLIN) | |
| a | 003133 |
| 942 ## - ADDED ENTRY ELEMENTS (KOHA) | |
| Source of classification or shelving scheme | Dewey Decimal Classification |
| Koha item type | Book |
| Withdrawn status | Lost status | Damaged status | Not for loan | Collection code | Home library | Current library | Shelving location | Date acquired | Cost, normal purchase price | Total Checkouts | Full call number | Barcode | Date last seen | Price effective from | Koha item type |
|---|---|---|---|---|---|---|---|---|---|---|---|---|---|---|---|
| St Aloysius Library | St Aloysius Library | 02/17/2021 | 0.00 | 320/491 | 003133 | 02/17/2021 | 02/17/2021 | Book | |||||||
| Restricted Book | St Aloysius Library | St Aloysius Library | 02/17/2021 | 0.00 | 320/492 | 003134 | 02/17/2021 | 02/17/2021 | Book |